[Event "4NCL Division 4 South"]
[Site "Reading, ENG"]
[Date "2017.03.18"]
[Round "7.42"]
[White "Ng, Chung Lok Andrew"]
[Black "Lim, Mark"]
[Result "1/2-1/2"]
[WhiteElo "1930"]
[BlackElo "1834"]
[PlyCount "86"]
[EventDate "2017.03.18"]
[WhiteTeam "Wood Green MM 2"]
[BlackTeam "Cambridge University 3"]

1. d4 Nf6 2. c4 g6 3. Nc3 Bg7 4. e4 d6 5. Nf3 O-O 6. Be2 e5 7. d5 a5 8. Bg5 h6
9. Be3 Ng4 10. Bd2 Na6 11. h3 Nf6 12. Be3 Nh5 13. g3 f5 14. exf5 gxf5 15. Nxe5
f4 16. gxf4 Nxf4 17. Nd3 Ng2+ 18. Kd2 Qh4 19. Ne1 Nxe3 20. fxe3 Nc5 21. Nf3
Ne4+ 22. Nxe4 Qxe4 23. Rg1 Bf5 24. Nd4 Rae8 25. Rg3 Kh8 26. Nxf5 Qxf5 27. Qc2
Qe5 28. Rag1 Re7 29. R1g2 b5 30. b3 bxc4 31. Qxc4 Rb8 32. Qd3 a4 33. Bd1 axb3
34. axb3 Bf6 35. Bc2 Rbe8 36. Qf5 Qc3+ 37. Kd1 Qa1+ 38. Kd2 Qc3+ 39. Kd1 Ra8
40. Ke2 Bg5 41. Qd3 Qe5 42. Qf5 Rae8 43. Qxe5+ Rxe5 1/2-1/2

[Event "4NCL Division 4 South"]
[Site "Reading, ENG"]
[Date "2017.03.18"]
[Round "7.43"]
[White "Ivanov, George"]
[Black "Green, Emily"]
[Result "1-0"]
[WhiteElo "1788"]
[BlackElo "1855"]
[PlyCount "69"]
[EventDate "2017.03.18"]
[WhiteTeam "Cambridge University 3"]
[BlackTeam "Wood Green MM 2"]

1. e4 e5 2. f4 Bc5 3. Nf3 d6 4. c3 Nc6 5. d4 exd4 6. cxd4 Bb6 7. Be3 Nf6 8. Nc3
O-O 9. h3 Re8 10. Bd3 Ba5 11. e5 dxe5 12. fxe5 Nd5 13. Bd2 Ndb4 14. Be3 Nxd3+
15. Qxd3 Nxe5 16. Nxe5 Rxe5 17. O-O Re8 18. Rf4 Bb6 19. Raf1 Be6 20. Bf2 c6 21.
Bh4 Qd7 22. Rd1 Bd8 23. Rdf1 Bxh4 24. Rxh4 g6 25. Ne4 Bf5 26. Nf6+ Kg7 27.
Nxe8+ Rxe8 28. Qd2 h5 29. Qg5 Rh8 30. Qg3 Be6 31. Qe5+ Kh7 32. Rf3 Re8 33. Rg3
f5 34. Rg5 Bf7 35. Rhxh5+ 1-0

[Event "4NCL Division 4 South"]
[Site "Reading, ENG"]
[Date "2017.03.18"]
[Round "7.44"]
[White "Lovell, William Pm"]
[Black "Dhemrait, Jagdeep"]
[Result "0-1"]
[WhiteElo "1817"]
[BlackElo "1803"]
[PlyCount "66"]
[EventDate "2017.03.18"]
[WhiteTeam "Wood Green MM 2"]
[BlackTeam "Cambridge University 3"]

1. d4 d5 2. Nf3 Nf6 3. c4 c6 4. g3 Bf5 5. Bg2 e6 6. O-O Be7 7. Qb3 Qc8 8. Bf4
O-O 9. Nc3 Nh5 10. Bxb8 Rxb8 11. Rac1 Qd8 12. Rfe1 Nf6 13. e3 h6 14. a3 g5 15.
Qa2 Nh7 16. Red1 h5 17. Bf1 g4 18. Ne1 Ng5 19. Bd3 Bxd3 20. Nxd3 h4 21. Ne5 f5
22. Ng6 Rf7 23. Nxe7+ Qxe7 24. Kg2 Nf3 25. c5 Rh7 26. Rh1 h3+ 27. Kf1 e5 28. b4
exd4 29. exd4 Re8 30. Ne2 Qe4 31. Qb2 Rhe7 32. Rc2 Nd2+ 33. Ke1 Qxe2# 0-1

[Event "4NCL Division 4 South"]
[Site "Reading, ENG"]
[Date "2017.03.18"]
[Round "7.45"]
[White "Dhemrait, Surjit S"]
[Black "Metcalfe, Charlie P"]
[Result "0-1"]
[WhiteElo "1512"]
[BlackElo "1750"]
[PlyCount "102"]
[EventDate "2017.03.18"]
[WhiteTeam "Cambridge University 3"]
[BlackTeam "Wood Green MM 2"]

1. e4 e6 2. Nc3 d5 3. exd5 exd5 4. d4 Nf6 5. Nf3 Bd6 6. Bg5 Be6 7. Ne5 O-O 8.
Bd3 c5 9. Nf3 c4 10. Be2 Nc6 11. O-O a6 12. h3 b5 13. Nh2 h6 14. Be3 b4 15. Nb1
Ne4 16. Nd2 f5 17. Nxe4 fxe4 18. Bg4 Bxg4 19. Qxg4 Qf6 20. c3 Rf7 21. f3 Bxh2+
22. Kxh2 Qd6+ 23. Kg1 exf3 24. Rxf3 Rxf3 25. Qxf3 Re8 26. Rf1 Kh8 27. Bf4 Qe6
28. Bd2 Qe4 29. Qxe4 Rxe4 30. Re1 bxc3 31. bxc3 Rxe1+ 32. Bxe1 Kh7 33. g4 Kg6
34. Kg2 h5 35. Kf3 hxg4+ 36. hxg4 Kf6 37. Bh4+ Ke6 38. Kf4 g6 39. Be1 Ne7 40.
Bh4 Nc8 41. Bd8 Nd6 42. Ba5 Ne4 43. a3 g5+ 44. Kf3 Kd6 45. Bb4+ Kc6 46. a4 Kb6
47. a5+ Kb5 48. Ke2 Ka4 49. Ke1 Kb3 50. Be7 Kxc3 51. Bc5 Kb2 0-1

[Event "4NCL Division 4 South"]
[Site "Reading, ENG"]
[Date "2017.03.18"]
[Round "7.46"]
[White "Desai, Nilomi"]
[Black "Dhemrait, Manav"]
[Result "1-0"]
[WhiteElo "1705"]
[BlackElo "1285"]
[PlyCount "69"]
[EventDate "2017.03.18"]
[WhiteTeam "Wood Green MM 2"]
[BlackTeam "Cambridge University 3"]

1. d4 d5 2. Nf3 Nf6 3. c4 Bg4 4. e3 e6 5. Qb3 b6 6. Ne5 Bd6 7. Nc3 c5 8. cxd5
cxd4 9. Bb5+ Nbd7 10. Bxd7+ Nxd7 11. Nxg4 dxc3 12. dxe6 fxe6 13. Qxe6+ Qe7 14.
Qxe7+ Bxe7 15. h3 Bb4 16. O-O c2 17. a3 Be7 18. Bd2 O-O 19. Rac1 Rac8 20. Bc3
Bxa3 21. Bxg7 Kxg7 22. bxa3 Rf5 23. e4 Ra5 24. Ne3 Rac5 25. f4 Rc3 26. Nf5+ Kf7
27. Nd6+ Ke6 28. Nxc8 Rxc8 29. Rf2 Rc4 30. e5 Kf5 31. g4+ Ke6 32. Rcxc2 Re4 33.
Rc6+ Ke7 34. Rc7 Rd4 35. Rxa7 1-0

[Event "4NCL Division 4 South"]
[Site "Reading, ENG"]
[Date "2017.03.18"]
[Round "7.51"]
[White "Pafura, Godfrey Bisereko"]
[Black "Higgie, Charles L"]
[Result "0-1"]
[WhiteElo "2001"]
[BlackElo "1945"]
[PlyCount "128"]
[EventDate "2017.03.18"]
[WhiteTeam "Throw in the Tal 1"]
[BlackTeam "Shropshire 2"]

1. d4 Nf6 2. Nf3 g6 3. c4 Bg7 4. Nc3 d5 5. Bf4 c5 6. e3 Nc6 7. dxc5 Qa5 8. Qd2
dxc4 9. Bxc4 Qxc5 10. Bb3 O-O 11. Rc1 Rd8 12. Nd5 Qb5 13. Bc4 Qa4 14. Nxe7+ Kf8
15. Nd5 Be6 16. Bb3 Qb5 17. Nc7 Rxd2 18. Nxb5 Rxb2 19. Nc7 Bxb3 20. Nxa8 Bc4
21. Nd2 Bxa2 22. Nc7 Ke7 23. e4 Nd4 24. Nd5+ Nxd5 25. exd5 Bxd5 26. f3 a5 27.
Kd1 a4 28. Re1+ Kd8 29. Bg5+ Kd7 30. Re7+ Kd6 31. Re8 a3 32. Rg8 Ne6 33. Be3 a2
34. Rxg7 Rxd2+ 35. Kxd2 Nxg7 36. Bf4+ Ke6 37. Re1+ Kd7 38. Be5 Ne6 39. Ke3 b5
40. Rd1 Kc6 41. h4 h6 42. g4 Kc5 43. f4 f5 44. h5 gxh5 45. Rc1+ Kb4 46. gxf5
Nd8 47. Ba1 h4 48. Kd4 Bg2 49. Ke3 h3 50. Kf2 Be4 51. Kg3 Bxf5 52. Re1 Nc6 53.
Re8 Na5 54. Rf8 Bg4 55. f5 Nb3 56. Be5 Nd2 57. f6 Nf1+ 58. Kxg4 h2 59. f7 h1=Q
60. Kf5 Ne3+ 61. Kf4 a1=Q 62. Bxa1 Qxa1 63. Kxe3 Qe5+ 64. Kf3 Qf6+ 0-1

[Event "4NCL Division 4 South"]
[Site "Reading, ENG"]
[Date "2017.03.18"]
[Round "7.52"]
[White "Lewis, Christopher D"]
[Black "Nwachukwu, Chino"]
[Result "0-1"]
[WhiteElo "1937"]
[BlackElo "2027"]
[PlyCount "81"]
[EventDate "2017.03.18"]
[WhiteTeam "Shropshire 2"]
[BlackTeam "Throw in the Tal 1"]

1. e4 c5 2. Nf3 d6 3. d4 cxd4 4. Nxd4 Nf6 5. Nc3 a6 6. Bg5 e6 7. Be2 Be7 8. Qd2
h6 9. Be3 O-O 10. O-O b5 11. Bf3 b4 12. Nce2 e5 13. Nb3 d5 14. Ng3 d4 15. Nxd4
exd4 16. Bxd4 Ra7 17. c3 Rd7 18. Qe3 Bb7 19. Nf5 Re8 20. e5 Nd5 21. Bxd5 Bxd5
22. Qg3 Bf8 23. Nxh6+ Kh7 24. Ng4 Re6 25. f4 bxc3 26. bxc3 Bc4 27. f5 Bxf1 28.
fxe6 Rxd4 29. Qh3+ Kg6 30. Rxf1 Rd3 31. Ne3 Qg5 32. Rf3 Rxe3 33. Rxe3 Bc5 34.
e7 Qxe7 35. Kf1 Bxe3 36. Qxe3 Qg5 37. Qb6+ Kf5 38. Qxb8 Qc1+ 39. Ke2 Qc2+ 40.
Kf1 Qxc3 41. Qc8+ 0-1

[Event "4NCL Division 4 South"]
[Site "Reading, ENG"]
[Date "2017.03.18"]
[Round "7.53"]
[White "Pink, Joshua"]
[Black "Jamieson, Ian"]
[Result "1/2-1/2"]
[WhiteElo "2005"]
[BlackElo "1967"]
[PlyCount "134"]
[EventDate "2017.03.18"]
[WhiteTeam "Throw in the Tal 1"]
[BlackTeam "Shropshire 2"]

1. e4 e6 2. d4 d5 3. Nd2 c5 4. Ngf3 cxd4 5. exd5 Qxd5 6. Bc4 Qd6 7. O-O Nf6 8.
Nb3 Nc6 9. Nbxd4 Nxd4 10. Qxd4 Qxd4 {(=)} 11. Nxd4 a6 12. Re1 h6 13. Bf4 Be7
14. Rad1 Bd7 15. Nf3 O-O 16. Ne5 Be8 17. Bb3 Kh7 18. Be3 Rc8 19. c3 g6 20. Bb6
Kg7 21. h3 Bc5 22. Bxc5 Rxc5 23. Rd8 Rc7 24. f3 Nd7 25. Nxd7 Rxd7 26. Rxd7 Bxd7
27. Rd1 Bc6 28. Kf2 e5 29. Ke3 Re8 30. Rd6 Re7 31. Bd5 Bxd5 32. Rxd5 f6 33. c4
Kf7 34. Rd6 Re6 35. Rd7+ Re7 36. Rd8 h5 37. b4 Ke6 38. g4 hxg4 39. hxg4 Rc7 40.
c5 Rd7 41. Rg8 Kf7 42. Rc8 Ke6 43. c6 bxc6 44. Rxc6+ Rd6 45. Rc5 Rb6 46. a3 Kd6
47. Ke4 Ke6 48. Kd3 Rd6+ 49. Kc3 f5 50. a4 e4 51. fxe4 fxe4 52. Rc8 Ke5 53.
Re8+ Kf4 54. b5 e3 55. bxa6 Rxa6 56. Kd3 Rd6+ 57. Ke2 Rd2+ 58. Ke1 Ra2 59. Rf8+
Kxg4 60. Re8 Ra3 61. Ke2 g5 62. Rxe3 Rxa4 63. Kf2 Ra2+ 64. Kg1 Kh4 65. Rb3 g4
66. Rc3 g3 67. Rc8 Kh3 1/2-1/2

[Event "4NCL Division 4 South"]
[Site "Reading, ENG"]
[Date "2017.03.18"]
[Round "7.54"]
[White "Tarr, Steve F"]
[Black "Ho, Marco"]
[Result "1-0"]
[WhiteElo "1825"]
[BlackElo "1997"]
[PlyCount "157"]
[EventDate "2017.03.18"]
[WhiteTeam "Shropshire 2"]
[BlackTeam "Throw in the Tal 1"]

1. d4 d5 2. Bf4 c5 3. e3 cxd4 4. exd4 Nc6 5. c3 Bf5 6. Qb3 Qb6 7. Nd2 e6 8.
Ngf3 Nf6 9. h3 Be7 10. Be2 O-O 11. O-O Nd7 12. Rfe1 Qxb3 13. axb3 a6 14. b4
Rfc8 15. Nb3 f6 16. g4 Bc2 17. Bd1 Bxd1 18. Raxd1 Kf7 19. Nc5 Bxc5 20. dxc5 b6
21. cxb6 Nxb6 22. Ra1 e5 23. Bd2 e4 24. Nh4 Nc4 25. Bc1 N6e5 26. Re2 Nd3 27.
Nf5 g6 28. Ne3 Nf4 29. Re1 Ne5 30. Rd1 Rd8 31. Ra5 Ned3 32. Kf1 Nxh3 33. f3
Nhf4 34. fxe4 dxe4 35. g5 f5 36. Nxf5 gxf5 37. Rxf5+ Kg7 38. Bxf4 Nxf4 39. Rxd8
Rxd8 40. Rxf4 Rd2 41. Rxe4 Rxb2 42. Re6 Rc2 43. Rxa6 Rxc3 44. b5 Rc5 45. b6
Rxg5 46. b7 Rb5 47. Ra7 Kg6 48. Ra6+ Kg5 49. Ra5 Rxa5 50. b8=Q Rf5+ 51. Kg2 h5
52. Qg8+ Kf6 53. Qf8+ Kg5 54. Qg7+ Kf4 55. Qe7 Kg4 56. Qe4+ Kg5 57. Kg3 Kf6 58.
Kh4 Re5 59. Qc6+ Kf5 60. Kxh5 Kf4+ 61. Kh4 Re4 62. Qd5 Ke3+ 63. Kg3 Rd4 64.
Qe5+ Kd3 65. Kf3 Kc4 66. Ke3 Rd5 67. Qe6 Kc5 68. Ke4 Rd4+ 69. Ke5 Rc4 70. Qd6+
Kb5 71. Kd5 Rb4 72. Qc6+ Ka5 73. Qa8+ Kb5 74. Qe8+ Kb6 75. Qb8+ Ka5 76. Qa7+
Kb5 77. Qe3 Ra4 78. Qc5+ Ka6 79. Kc6 1-0

[Event "4NCL Division 4 South"]
[Site "Reading, ENG"]
[Date "2017.03.18"]
[Round "7.55"]
[White "Ireland, David J"]
[Black "Ross, Stuart"]
[Result "1-0"]
[WhiteElo "2027"]
[BlackElo "1720"]
[PlyCount "119"]
[EventDate "2017.03.18"]
[WhiteTeam "Throw in the Tal 1"]
[BlackTeam "Shropshire 2"]

1. e4 c5 2. b3 Nc6 3. Bb2 d6 4. Bb5 Bd7 5. Ne2 Nf6 6. Nbc3 e6 7. O-O a6 8. Bxc6
Bxc6 9. d3 Be7 10. Nf4 O-O 11. Qf3 d5 12. e5 d4 13. Ne4 Nxe4 14. dxe4 Qc7 15.
Nd3 Rfd8 16. Rae1 Bb5 17. Qg3 Bxd3 18. cxd3 Qa5 19. Ra1 Qd2 20. Bc1 Qe2 21. Bh6
g6 22. f4 Qe3+ 23. Kh1 Qxg3 24. hxg3 f6 25. exf6 Bxf6 26. g4 Bg7 27. Bg5 Rd7
28. f5 exf5 29. gxf5 h6 30. Bd2 gxf5 31. Rxf5 b6 32. Raf1 Rf8 33. g4 Rdf7 34.
Kg2 Rf6 35. Rxf6 Rxf6 36. Rxf6 Bxf6 37. Bxh6 Kf7 38. Bf4 b5 39. Kf3 Ke6 40. g5
Be5 41. Bd2 Bd6 42. Kg4 Bc7 43. Kh5 Kf7 44. Kh6 Kg8 45. Kg6 Bg3 46. Kf6 Bf2 47.
e5 Be3 48. Ba5 c4 49. bxc4 bxc4 50. dxc4 d3 51. e6 d2 52. Bxd2 Bxd2 53. e7
Bxg5+ 54. Kxg5 Kf7 55. Kf5 Kxe7 56. Ke5 Kd7 57. Kd5 Kc7 58. Kc5 Kb7 59. Kd6 Kb6
60. c5+ 1-0

[Event "4NCL Division 4 South"]
[Site "Reading, ENG"]
[Date "2017.03.18"]
[Round "7.56"]
[White "Peck, Windsor W A"]
[Black "Goodwin, Ed H"]
[Result "0-1"]
[WhiteElo "1547"]
[BlackElo "1907"]
[PlyCount "66"]
[EventDate "2017.03.18"]
[WhiteTeam "Shropshire 2"]
[BlackTeam "Throw in the Tal 1"]

1. d4 e6 2. Nf3 f5 3. d5 Bd6 4. Bg5 Nf6 5. Nc3 h6 6. Bxf6 Qxf6 7. a3 a6 8. e3
O-O 9. Bc4 e5 10. e4 f4 11. b4 Kh8 12. h4 Be7 13. Qd2 d6 14. Ng5 Qg6 15. Ne6
Bxe6 16. dxe6 c6 17. f3 b5 18. Bb3 a5 19. O-O-O axb4 20. axb4 Na6 21. Na2 Nc7
22. Kb2 Nxe6 23. c3 Ra6 24. Qf2 Rfa8 25. Rdg1 c5 26. Ra1 c4 27. Bc2 Bf6 28. h5
Qf7 29. g3 fxg3 30. Qxg3 Nf4 31. Qg4 Qa7 32. Bb1 Qf2+ 33. Kc1 Bg5 0-1

[Event "4NCL Division 4 South"]
[Site "Reading, ENG"]
[Date "2017.03.18"]
[Round "7.71"]
[White "Kemp, Paul R"]
[Black "Samworth-Calvier, Juju"]
[Result "1-0"]
[WhiteElo "2077"]
[BlackElo "1651"]
[PlyCount "43"]
[EventDate "2017.03.18"]
[WhiteTeam "Poisoned Pawns 2"]
[BlackTeam "Sussex Martlets 3"]

1. e4 e6 2. d4 d5 3. exd5 exd5 4. Bd3 Bd6 5. Nc3 Ne7 6. Nb5 Nbc6 7. c3 Be6 8.
Qf3 a6 9. Nxd6+ Qxd6 10. Ne2 O-O-O 11. b4 Kb8 12. a4 Rdf8 13. b5 axb5 14. axb5
Na7 15. Ba3 Qd7 16. b6 Nac6 17. Qg3 Kc8 18. bxc7 Qxc7 19. Bd6 Qb6 20. O-O Kd7
21. Rfb1 Qd8 22. Rxb7+ 1-0

[Event "4NCL Division 4 South"]
[Site "Reading, ENG"]
[Date "2017.03.18"]
[Round "7.72"]
[White "Woods, Timothy J"]
[Black "Rosen, Daniel B"]
[Result "1/2-1/2"]
[WhiteElo "1643"]
[BlackElo "2047"]
[PlyCount "69"]
[EventDate "2017.03.18"]
[WhiteTeam "Sussex Martlets 3"]
[BlackTeam "Poisoned Pawns 2"]

1. e4 d6 2. d4 g6 3. Nc3 Nf6 4. f4 Bg7 5. Nf3 c5 6. dxc5 Qa5 7. Bd3 Qxc5 8. Qe2
Nc6 9. Be3 Qa5 10. O-O Bg4 11. h3 Bxf3 12. Qxf3 O-O 13. Bd2 Rac8 14. Kh1 a6 15.
Rfd1 Qb6 16. a3 Na5 17. e5 dxe5 18. fxe5 Nd7 19. Nd5 Qe6 20. Bxa5 Nxe5 21. Qe4
f5 22. Nxe7+ Qxe7 23. Qe2 Rfe8 24. Re1 Qf7 25. Rab1 Qd7 26. Qd2 Nxd3 27. cxd3
Rc6 28. Bc3 Rd8 29. Rbd1 Rd6 30. Bxg7 Kxg7 31. d4 Rd5 32. Qb4 Kf7 33. Qc4 Qb5
34. Qc7+ Qd7 35. Qc4 1/2-1/2

[Event "4NCL Division 4 South"]
[Site "Reading, ENG"]
[Date "2017.03.18"]
[Round "7.73"]
[White "McMahon, Paul"]
[Black "Littlehales, Alexander"]
[Result "0-1"]
[WhiteElo "1987"]
[BlackElo "1697"]
[PlyCount "106"]
[EventDate "2017.03.18"]
[WhiteTeam "Poisoned Pawns 2"]
[BlackTeam "Sussex Martlets 3"]

1. e4 c5 2. Nf3 d6 3. c3 Nf6 4. Be2 g6 5. O-O Bg7 6. d3 O-O 7. Nbd2 Nc6 8. Re1
Bd7 9. Nf1 Qc7 10. Ng3 e6 11. Bf1 Rfe8 12. a4 Rad8 13. Bf4 e5 14. Bd2 d5 15.
Qc1 dxe4 16. Nxe4 Nxe4 17. dxe4 Be6 18. b4 cxb4 19. cxb4 Qd6 20. Qb2 Bg4 21.
Bc3 Bxf3 22. gxf3 Nd4 23. Re3 Qf6 24. Bxd4 exd4 25. Rd3 Qf4 26. Qc1 Qh4 27. Bg2
Bh6 28. Qc4 Bf4 29. h3 Rc8 30. Qb5 Re7 31. Rf1 Be5 32. f4 Qxf4 33. Rg3 h5 34.
Qe2 h4 35. Qg4 hxg3 36. Qxc8+ Kg7 37. Qg4 gxf2+ 38. Rxf2 Qc1+ 39. Rf1 Qe3+ 40.
Kh1 Rc7 41. Qf3 Qxf3 42. Bxf3 Rc3 43. Kg1 Rb3 44. b5 Ra3 45. Bd1 Rg3+ 46. Kh2
Rg4+ 47. Kh1 Rxe4 48. Bb3 f6 49. Bd5 Re3 50. Bf3 b6 51. h4 Ra3 52. h5 gxh5 53.
Bxh5 Rh3+ 0-1

[Event "4NCL Division 4 South"]
[Site "Reading, ENG"]
[Date "2017.03.18"]
[Round "7.74"]
[White "Finn, Daniel"]
[Black "McCorry, Robert T"]
[Result "0-1"]
[WhiteElo "1521"]
[BlackElo "1983"]
[PlyCount "188"]
[EventDate "2017.03.18"]
[WhiteTeam "Sussex Martlets 3"]
[BlackTeam "Poisoned Pawns 2"]

1. d4 Nf6 2. Nf3 g6 3. c4 Bg7 4. Nc3 d5 5. Bf4 O-O 6. e3 c5 7. Be2 cxd4 8. Nxd4
Nc6 9. Nf3 Qa5 10. O-O Rd8 11. Qb3 e5 12. Nxe5 Nxe5 13. Bxe5 dxc4 14. Qb5 Qxb5
15. Nxb5 Bd7 16. Bxc4 Bxb5 17. Bxb5 Rd5 18. Bxf6 Bxf6 19. Bc4 Rc5 20. Bb3 Bxb2
21. Rad1 Rc7 22. Rd2 Bc3 23. Rd3 b5 24. Rfd1 Re8 25. g3 a5 26. Rd7 Re7 27. Rxe7
Rxe7 28. a4 bxa4 29. Bxa4 Re4 30. Rd8+ Kg7 31. Be8 Re7 32. Ra8 Kf6 33. Kf1 Ke5
34. Rd8 Ra7 35. Rd7 Rxd7 36. Bxd7 Kd6 37. Be8 f6 38. Ke2 Kc5 39. Kd3 Kb4 40.
Kc2 Be1 41. f3 a4 42. e4 a3 43. Bf7 Bf2 44. g4 g5 45. h3 Bg3 46. Bg8 h6 47. Bd5
Bf4 48. Bf7 Kc5 49. Kd3 Bc1 50. Ba2 Kd6 51. Kd4 Bb2+ 52. Kd3 Ke5 53. Bd5 Kf4
54. Ke2 Kg3 55. Ba2 Kxh3 56. Bd5 Kg3 57. Bb3 Kf4 58. Ba2 Be5 59. Bb3 Bd6 60.
Ba2 Bb4 61. Bb3 Ke5 62. Kd3 Bf8 63. Ba2 Kf4 64. Ke2 Bc5 65. Bb3 Kg3 66. Ba2 Kh4
67. Bf7 Bd6 68. Kf2 Kh3 69. Ke2 Bc5 70. Bb3 Kg3 71. Ba2 Kf4 72. Bb3 Ke5 73. Kd3
Kd6 74. Kc4 Be3 75. Ba2 Bc1 76. Bb3 Ke7 77. Kd3 Kf8 78. Kc2 Kg7 79. Kd3 Bb2 80.
Ke2 Kg6 81. Kd3 h5 82. gxh5+ Kxh5 83. Ba2 Kh4 84. Ke2 Kg3 85. Bb3 Kf4 86. Bd5
Ke5 87. Kd3 f5 88. Ba2 fxe4+ 89. fxe4 g4 90. Bd5 Bd4 91. Ke2 Kf4 92. Kf1 Kg3
93. Be6 Kf3 94. Bd5 Be5 0-1

[Event "4NCL Division 4 South"]
[Site "Reading, ENG"]
[Date "2017.03.18"]
[Round "7.75"]
[White "Judkins, Brian D"]
[Black "Hedger, Alec"]
[Result "1/2-1/2"]
[WhiteElo "1788"]
[BlackElo "1492"]
[PlyCount "42"]
[EventDate "2017.03.18"]
[WhiteTeam "Poisoned Pawns 2"]
[BlackTeam "Sussex Martlets 3"]

1. e4 c5 2. Nf3 e6 3. d3 Nc6 4. g3 Nf6 5. Bg2 d5 6. Nbd2 Be7 7. O-O O-O 8. Re1
d4 9. e5 Nd5 10. a4 Nb6 11. h4 Bd7 12. Nf1 Nb4 13. b3 a5 14. h5 Bc6 15. h6 g6
16. N1h2 Nd7 17. Ng4 Re8 18. Nd2 Bxg2 19. Kxg2 Nb6 20. Ne4 Nd7 21. Bd2 Nc6
1/2-1/2

[Event "4NCL Division 4 South"]
[Site "Reading, ENG"]
[Date "2017.03.18"]
[Round "7.76"]
[White "Gray, Edward"]
[Black "Ribbands, Patrick C"]
[Result "0-1"]
[WhiteElo "1351"]
[BlackElo "1735"]
[PlyCount "126"]
[EventDate "2017.03.18"]
[WhiteTeam "Sussex Martlets 3"]
[BlackTeam "Poisoned Pawns 2"]

1. e4 c6 2. d4 d5 3. exd5 cxd5 4. Nc3 Nf6 5. Bb5+ Bd7 6. Bxd7+ Qxd7 7. Nf3 e6
8. Ne5 Qd8 9. Qd3 a6 10. a3 Be7 11. O-O O-O 12. f4 Nc6 13. h3 Nd7 14. Bd2 Rc8
15. Kh1 Bf6 16. Rf3 Nb6 17. b3 Rc7 18. Raf1 Nc8 19. g4 Be7 20. Nxc6 Rxc6 21. a4
Bb4 22. Ne2 Bxd2 23. Qxd2 Nd6 24. Ng3 Qc7 25. c3 Rc8 26. Rc1 {(=)} b5 27. axb5
axb5 28. b4 {(=)} Ra8 29. g5 Rca6 30. Rc2 Qc4 31. Qe2 {(=)} Qxe2 32. Rxe2 Ra2
33. Rff2 Rxe2 34. Rxe2 {(=)} Ra3 35. Re3 Nc4 36. Rf3 g6 37. h4 Nd2 38. Rd3 Nb3
39. h5 Nc1 40. Re3 Na2 41. hxg6 hxg6 42. Re2 Nxc3 43. Re3 Nb1 44. Nf1 Rxe3 45.
Nxe3 Nc3 46. Nc2 Ne2 47. Kh2 Nxf4 48. Na3 Nd3 49. Nxb5 Nxb4 50. Kg3 Nc6 51. Kf4
Kf8 52. Ke3 Ke7 53. Kf4 f6 54. Kg4 e5 55. Nc7 f5+ 56. Kg3 Nxd4 57. Nxd5+ Kd6
58. Nf6 e4 59. Kf2 Ne6 60. Nh7 Ke5 61. Ke3 f4+ 62. Ke2 Kf5 63. Nf6 Nxg5 0-1

[Event "4NCL Division 4 South"]
[Site "Reading, ENG"]
[Date "2017.03.18"]
[Round "7.81"]
[White "Sheikh, Nasarullah"]
[Black "Gregory, Stephen J"]
[Result "0-1"]
[WhiteElo "1640"]
[BlackElo "2095"]
[PlyCount "116"]
[EventDate "2017.03.18"]
[WhiteTeam "D&D Utd"]
[BlackTeam "Anglian Avengers 3"]

1. e4 d6 2. d4 Nf6 3. Nc3 g6 4. Bd3 Bg7 5. Nf3 O-O 6. O-O Nc6 7. Bg5 h6 8. Bxf6
Bxf6 9. d5 Nb4 10. Be2 c5 11. a3 Na6 12. Rb1 Nc7 13. Qd2 Kh7 14. b4 cxb4 15.
axb4 Bg4 16. h3 Bxf3 17. Bxf3 Rc8 18. Rb3 Na8 19. Be2 Qc7 20. Nb5 Qxc2 21. Qxc2
Rxc2 22. Bd3 Ra2 23. Rc1 a6 24. Nc3 Rd2 25. Nb1 Rb2 26. Rxb2 Bxb2 27. Rc2 Bd4
28. Kf1 Kg7 29. Nd2 Kf6 30. Ke2 e6 31. Nb3 Bb6 32. Na5 Bxa5 33. bxa5 exd5 34.
exd5 Re8+ 35. Kd2 Re7 36. Rb2 Ke5 37. f3 f5 38. g4 b5 39. axb6 Rb7 40. Bxa6
Rxb6 41. Rxb6 Nxb6 42. gxf5 gxf5 43. Bb7 Nxd5 44. Ke2 Nf4+ 45. Kf2 Nxh3+ 46.
Kg3 Nf4 47. Ba8 d5 48. Kf2 d4 49. Bb7 h5 50. Ba8 h4 51. Bb7 d3 52. Bc6 Kd4 53.
Bd7 d2 54. Ba4 Nd3+ 55. Ke2 Nb2 56. Bc2 d1=Q+ 57. Bxd1 Nxd1 58. Kxd1 h3 0-1

[Event "4NCL Division 4 South"]
[Site "Reading, ENG"]
[Date "2017.03.18"]
[Round "7.82"]
[White "Cocks, Elliot"]
[Black "Jaufarally, Nadia"]
[Result "1-0"]
[WhiteElo "1990"]
[BlackElo "1681"]
[PlyCount "115"]
[EventDate "2017.03.18"]
[WhiteTeam "Anglian Avengers 3"]
[BlackTeam "D&D Utd"]

1. Nf3 Nf6 2. d4 g6 3. c4 Bg7 4. Nc3 O-O 5. g3 d6 6. Bg2 c5 7. O-O Nc6 8. d5
Na5 9. Nd2 b6 10. Rb1 Ng4 11. Qc2 f5 12. b3 Qe8 13. Nf3 Bd7 14. Bf4 h6 15. h4
Rf7 16. Rbe1 Bf6 17. e4 g5 18. hxg5 hxg5 19. Bxg5 Bxg5 20. Nxg5 Rh7 21. Ne2 Qh5
22. Nh3 Ne5 23. Nef4 Nf3+ 24. Bxf3 Qxf3 25. Qe2 fxe4 26. Qxf3 exf3 27. Ng5 Rg7
28. Nxf3 Rf8 29. Kh1 Rh7+ 30. Nh2 Rf6 31. f3 Nb7 32. Kg1 Nd8 33. Rf2 Kf8 34.
Nf1 Nf7 35. Rh2 Rxh2 36. Kxh2 Ne5 37. Kg2 Ng6 38. Nxg6+ Rxg6 39. Re4 Kf7 40.
Ne3 Kf8 41. g4 Kf7 42. Kg3 Rh6 43. Ng2 Rh1 44. Re2 a6 45. Kf4 Rd1 46. Ne3 Rd4+
47. Kg5 Rd3 48. Kh6 Rd4 49. Kg5 Rd3 50. f4 b5 51. f5 b4 52. Ng2 Be8 53. Nf4 Rg3
54. Ng6 Kg8 55. Nxe7+ Kg7 56. f6+ Kf8 57. Nf5 Rf3 58. Re7 1-0

[Event "4NCL Division 4 South"]
[Site "Reading, ENG"]
[Date "2017.03.18"]
[Round "7.83"]
[White "Kilcline, Declan A"]
[Black "Lunn, Timothy"]
[Result "0-1"]
[WhiteElo "1652"]
[BlackElo "1937"]
[PlyCount "84"]
[EventDate "2017.03.18"]
[WhiteTeam "D&D Utd"]
[BlackTeam "Anglian Avengers 3"]

1. e4 c5 2. Nf3 d6 3. d4 cxd4 4. Nxd4 Nf6 5. Nc3 a6 6. Bc4 e6 7. Bb3 Nbd7 8.
Be3 Nc5 9. f3 Be7 10. O-O O-O 11. Qd2 Qc7 12. Rac1 Bd7 13. a3 Nxb3 14. cxb3 Qb8
15. b4 Rd8 16. Qf2 Be8 17. Qg3 g6 18. Qh4 Rd7 19. Bg5 Qd8 20. Qf2 Rc7 21. h4 {
(=)} Rac8 22. Be3 Nd7 23. g3 Ne5 24. Rfd1 Nc4 25. Nce2 Nxb2 26. Rxc7 Nxd1 27.
Rxc8 Qxc8 28. Qe1 Nxe3 29. Qd2 Nc4 30. Qa2 d5 31. Kh2 Qc7 32. Qc2 Bxh4 33. Kh3
Be7 34. exd5 exd5 35. Nf4 Bd7+ 36. Kh2 Qe5 37. Nfe2 Ne3 38. Qb1 Bd6 39. Qc1 Nf5
40. f4 Qe4 41. Qd2 Ne3 42. Nc3 Nf1+ 0-1

[Event "4NCL Division 4 South"]
[Site "Reading, ENG"]
[Date "2017.03.18"]
[Round "7.84"]
[White "Hall, Antony C"]
[Black "Sheikh, Anum"]
[Result "1-0"]
[WhiteElo "1900"]
[BlackElo "1495"]
[PlyCount "127"]
[EventDate "2017.03.18"]
[WhiteTeam "Anglian Avengers 3"]
[BlackTeam "D&D Utd"]

1. e4 e5 2. Nf3 Nc6 3. d4 exd4 4. Bc4 Nf6 5. O-O Nxe4 6. Re1 d5 7. Bxd5 Qxd5 8.
Nc3 Qd7 9. Nxe4 Be7 10. Bg5 O-O 11. Bxe7 Qxe7 12. Nxd4 Bd7 13. Nb3 Rad8 14.
Nec5 Be6 15. Qe2 Bxb3 16. Qxe7 Nxe7 17. axb3 Nc6 18. Rad1 b6 19. Na6 Nd4 20. c3
Nxb3 21. Nxc7 Nc5 22. Nd5 Ne6 23. Ne7+ Kh8 24. Nc6 Ra8 25. Rd7 a6 26. Ne5 Nd8
27. Red1 f6 28. Rxd8 fxe5 29. Rxa8 Rxa8 30. Rd6 b5 31. Kf1 Kg8 32. Re6 Kf7 33.
Rxe5 Rd8 34. Ke2 Kf6 35. Re4 Rd5 36. g3 Kf5 37. Rf4+ Kg6 38. Rg4+ Kf6 39. Rf4+
Kg6 40. Re4 Kf5 41. Rf4+ Kg6 42. h4 a5 43. Rf3 h5 44. Rf4 Kh6 45. Rf3 g5 {(=)}
46. Rf6+ Kg7 47. hxg5 Rxg5 48. Re6 Kf7 49. Re4 Kf6 50. Kf3 Rd5 51. Ke2 Rg5 {(=)
} 52. Rf4+ Ke5 53. Ra4 bxa4 54. f4+ Kf5 55. fxg5 Kxg5 56. Kf3 Kf5 57. c4 Ke5
58. Ke3 Kf5 59. Kd4 Kg4 60. c5 Kxg3 61. c6 h4 62. c7 h3 63. c8=Q h2 64. Qc6 1-0

[Event "4NCL Division 4 South"]
[Site "Reading, ENG"]
[Date "2017.03.18"]
[Round "7.85"]
[White "Kilcline, Jenny"]
[Black "Sheerin, Alex"]
[Result "1/2-1/2"]
[WhiteElo "1517"]
[BlackElo "1855"]
[PlyCount "84"]
[EventDate "2017.03.18"]
[WhiteTeam "D&D Utd"]
[BlackTeam "Anglian Avengers 3"]

1. e4 c5 2. Nc3 Nc6 3. Bb5 d6 4. Bxc6+ bxc6 5. d3 Nf6 6. f4 g6 7. Nf3 Bg7 8.
O-O O-O 9. Qe1 Qb6 10. Kh1 Ba6 11. Qh4 Rfe8 12. e5 Nd5 13. Nxd5 cxd5 14. e6 f6
15. f5 g5 16. Qh5 c4 17. h4 h6 18. Qg4 cxd3 19. hxg5 fxg5 20. Nxg5 Qd4 21. Rf4
Qf6 22. Nf7 dxc2 23. Rf2 Kh7 24. Qh5 Rec8 25. Ng5+ Kg8 26. Nf7 Rc4 27. g4 Rac8
28. g5 hxg5 29. Bxg5 c1=Q+ 30. Rxc1 Rxc1+ 31. Kh2 Qd4 32. Rg2 Qd1 33. Nh6+ Kh7
34. Qg6+ Kh8 35. Nf7+ Kg8 36. Nh6+ Kh8 37. Nf7+ Kg8 38. Bxc1 Qd4 39. Be3 Qh4+
40. Kg1 Qe1+ 41. Kh2 Qh4+ 42. Kg1 Qe1+ 1/2-1/2